Państwa BRICS - Statystyki

Ogólne statystyki
  • Ten quiz został rozwiązany 127 razy
  • Średni wynik to 5 z 5
Statystyki odpowiedzi
Hint % Poprawnych
Chiny
98%
Rosja
98%
Indie
95%
Brazylia
94%
Republika Południowej Afryki
80%
Nie znaleziono quizów pasujących do podanych kryteriów
Rozkład punktacji
Procent ludzi z każdym wynikiem
Percentyl według liczby udzielonych odpowiedzi
Twoja historia wyników
Nie rozwiązałeś tego quizu